|
|
|
|
| LEADER |
01220naa a2200301 i 4500 |
| 001 |
acta76808 |
| 005 |
20221108130823.0 |
| 008 |
221104s2021 hu o 1|| eng d |
| 020 |
|
|
|a 978-963-306-789-5
|
| 040 |
|
|
|a SZTE Egyetemi Kiadványok Repozitórium
|b hun
|
| 041 |
|
|
|a eng
|
| 100 |
1 |
|
|a Saszet Kata
|
| 245 |
1 |
0 |
|a Natural photocatalyst
|h [elektronikus dokumentum] :
|b real alternatives to the synthesized ones? /
|c Saszet Kata
|
| 260 |
|
|
|a University of Szeged
|b Szeged
|c 2021
|
| 300 |
|
|
|a 34
|
| 490 |
0 |
|
|a Proceedings of the 5th International Conference on NPM and the 6th International Conference on PAOT
|
| 650 |
|
4 |
|a Természettudományok
|
| 650 |
|
4 |
|a Kémiai tudományok
|
| 695 |
|
|
|a Fotokatalízis - előadáskivonat, Fizikai kémia - előadáskivonat
|
| 700 |
0 |
1 |
|a Czekes Zsolt
|e aut
|
| 700 |
0 |
1 |
|a Baia Lucian
|e aut
|
| 700 |
0 |
1 |
|a Almási Enikő
|e aut
|
| 700 |
0 |
1 |
|a Rácz Ádám
|e aut
|
| 700 |
0 |
1 |
|a Rákhely Gábor
|e aut
|
| 700 |
0 |
1 |
|a Hernádi Klára
|e aut
|
| 700 |
0 |
1 |
|a Pap Zsolt
|e aut
|
| 710 |
|
|
|a Proceedings of the 5th International Conference on NPM and the 6th International Conference on PAOT (2021) (Szeged)
|
| 856 |
4 |
0 |
|u http://acta.bibl.u-szeged.hu/76808/1/npm_005_paot_006_034.pdf
|z Dokumentum-elérés
|